000 00368nam a2200169Ia 4500
008 210210b1927 xxu||||| |||| 00| 0 eng d
041 _aeng
082 _a882/62
100 _a-
245 _aKAdambari: uttara bhAga
260 _aBombay
_b-
_c1927
650 _auttara
650 _aKAdambari:
650 _abhAga
690 _aSanskrit Prose
906 _a024327
999 _c149814
_d149814